| 000 | 01450nam a2200253Ia 4500 | ||
|---|---|---|---|
| 999 |
_c36868 _d36868 |
||
| 001 | 2817 | ||
| 003 | GE_BSU | ||
| 005 | 20190507101002.0 | ||
| 008 | 181216s2004||||ge |||||||||||||| ||geo|| | ||
| 040 | _cGE_BSU | ||
| 041 | _ageo | ||
| 080 | _a330.1(076.1) გ–19 | ||
| 245 |
_aგამოყენებითი ეკონომიკა= Junior Achirement-Applied Economics: სავარჯიშოთა კრებული. _bსახელმძღ. უფ. კლასებისათვის. / _cინგ. თარგმნა: ქეთი შუბითიძემ ; გიორგი მიქელაძემ ; რედ.: გიორგი მელაძე, ეკა გეგეშიძე |
||
| 250 | _a(ქართ. თარგმნა 1–ლი გამოცემა) | ||
| 264 |
_aთბილისი .: _bსომა პრესს , _c2004. |
||
| 300 |
_a220 გვ; _c 28 სმ. |
||
| 653 | _aგამოყენებითი ეკონომიკა | ||
| 653 | _aეკონომიკა | ||
| 700 |
_aშუბითიძე, ქეთი _eმთარგმნელი _9822 |
||
| 700 |
_aმიქელაძე, გიორგი _eმთარგმნელი _9823 |
||
| 700 |
_a მელაძე , გიორგი _eრედაქტორი _9824 |
||
| 700 |
_a გეგეშიძე , ეკა _eრედაქტორი _9825 |
||
| 942 |
_cBK _2udc |
||